[Event "Balatonbereny op"]
[Site "Balatonbereny"]
[Date "1996.??.??"]
[Round "5"]
[White "Borocz, Istvan"]
[Black "Adorjan, Andras"]
[Result "0-1"]
[WhiteElo "2415"]
[BlackElo "2525"]
[PlyCount "62"]
[EventDate "1996.06.13"]
[EventType "swiss"]
[EventRounds "9"]
[EventCountry "HUN"]
[Source "ChessBase"]
[SourceDate "1996.09.01"]
[WhiteTeamCountry "HUN"]
[BlackTeamCountry "HUN"]

1. e4 c5 2. Nf3 d6 3. d4 cxd4 4. Nxd4 Nf6 5. Nc3 a6 6. Be2 e6 7. O-O Be7 8. f4
O-O 9. Kh1 Qc7 10. Qe1 b5 11. Bf3 Bb7 12. a3 Re8 13. Be3 Nc6 14. Rd1 Rac8 15.
Qg3 Red8 16. Qf2 Qb8 17. Nde2 Ba8 18. g4 b4 19. axb4 d5 20. exd5 Nxb4 21. Ba7
Qb7 22. Bb6 Rxd5 23. Nxd5 Nbxd5 24. g5 Ng4 25. Qg1 Nde3 26. Qxg4 Qxb6 27. Qg1
Bc5 28. b4 Qxb4 29. c3 Qe4 30. h4 Nxf1 31. Qxc5 Qxf3+ 0-1

[Event "Balatonbereny op"]
[Site "Balatonbereny"]
[Date "1996.??.??"]
[Round "6"]
[White "Adorjan, Andras"]
[Black "Krizsany, Laszlo"]
[Result "1/2-1/2"]
[WhiteElo "2525"]
[BlackElo "2430"]
[PlyCount "82"]
[EventDate "1996.06.13"]
[EventType "swiss"]
[EventRounds "9"]
[EventCountry "HUN"]
[Source "ChessBase"]
[SourceDate "1996.09.01"]
[WhiteTeamCountry "HUN"]
[BlackTeamCountry "HUN"]

1. e4 c5 2. Nf3 Nc6 3. Bb5 e6 4. O-O Nge7 5. Re1 a6 6. Bxc6 Nxc6 7. d4 cxd4 8.
Nxd4 Be7 9. Nxc6 dxc6 10. Qxd8+ Bxd8 11. e5 c5 12. Nc3 Ba5 13. Be3 Bd7 14. Bxc5
Bxc3 15. bxc3 Rc8 16. Bb4 Bc6 17. a4 Bd5 18. Rad1 h5 19. h4 Rg8 20. Re3 Rc4 21.
Rd4 b5 22. a5 Rxd4 23. cxd4 f5 24. Rc3 Bc4 25. Kh2 Kd7 26. Rg3 g6 27. c3 Bd5
28. Rg5 Ke8 29. Kg3 Kf7 30. Kf4 Rh8 31. Rg3 Bc4 32. Kg5 Bd5 33. f3 Bc6 34. Rh3
Bd5 35. Rh1 Bc6 36. Rf1 Bd5 37. g4 Rh7 38. Ba3 Rh8 39. Bc1 Bc4 40. Rf2 Bd5 41.
Ba3 Bc6 1/2-1/2

[Event "Balatonbereny op"]
[Site "Balatonbereny"]
[Date "1996.??.??"]
[Round "9"]
[White "Dobos, Jozsef"]
[Black "Adorjan, Andras"]
[Result "1/2-1/2"]
[WhiteElo "2340"]
[BlackElo "2525"]
[PlyCount "52"]
[EventDate "1996.06.13"]
[EventType "swiss"]
[EventRounds "9"]
[EventCountry "HUN"]
[Source "ChessBase"]
[SourceDate "1996.09.01"]
[WhiteTeamCountry "HUN"]
[BlackTeamCountry "HUN"]

1. d4 Nf6 2. c4 c5 3. d5 b5 4. cxb5 a6 5. Nc3 axb5 6. e4 b4 7. Nb5 d6 8. Bf4
Nbd7 9. Nf3 Nxe4 10. Bd3 f5 11. Bxe4 fxe4 12. Ng5 Nf6 13. O-O g6 14. f3 Bg7 15.
fxe4 Qb6 16. a4 bxa3 17. Rxa3 Rxa3 18. Nxa3 O-O 19. Nc4 Qb4 20. Qc2 Ng4 21. g3
Bd4+ 22. Kh1 Ba6 23. b3 Rb8 24. Qe2 h5 25. e5 dxe5 26. Qe4 Rb6 1/2-1/2

[Event "Koop Tjuchem op"]
[Site "Groningen"]
[Date "1996.??.??"]
[Round "1"]
[White "Van de Mortel, Jan"]
[Black "Adorjan, Andras"]
[Result "1-0"]
[WhiteElo "2280"]
[BlackElo "2530"]
[PlyCount "67"]
[EventDate "1996.12.20"]
[EventType "swiss"]
[EventRounds "11"]
[EventCountry "NED"]
[Source "ChessBase"]
[SourceDate "1997.11.17"]
[WhiteTeamCountry "HUN"]
[BlackTeamCountry "HUN"]

1. d4 Nf6 2. Nf3 c5 3. d5 b5 4. Bg5 d6 5. Bxf6 exf6 6. e3 a6 7. a4 b4 8. a5 g6
9. Bc4 Bg7 10. Qd3 O-O 11. Nbd2 f5 12. Ra2 Nd7 13. O-O Nf6 14. Nb3 Ne8 15. Nc1
Nc7 16. Ne2 Re8 17. Nf4 Bd7 18. g3 Qb8 19. h4 Qb7 20. h5 Re7 21. Kg2 Ne8 22. c3
Nc7 23. Rh1 Rb8 24. hxg6 hxg6 25. Raa1 Qa8 26. Rh2 bxc3 27. b3 Rb4 28. Rah1 Bb5
29. Rh7 Rxb3 30. Bxb5 axb5 31. Qd1 Rb4 32. Qg1 Rxf4 33. gxf4 Nxd5 34. Qh2 1-0

[Event "Koop Tjuchem op"]
[Site "Groningen"]
[Date "1996.??.??"]
[Round "2"]
[White "Adorjan, Andras"]
[Black "Lurje, Pawel"]
[Result "1-0"]
[WhiteElo "2530"]
[BlackElo "2220"]
[PlyCount "43"]
[EventDate "1996.12.20"]
[EventType "swiss"]
[EventRounds "11"]
[EventCountry "NED"]
[Source "ChessBase"]
[SourceDate "1997.11.17"]
[WhiteTeamCountry "HUN"]
[BlackTeamCountry "HUN"]

1. e4 e5 2. Nf3 Nc6 3. Bb5 a6 4. Ba4 d6 5. c3 f5 6. exf5 Bxf5 7. O-O Bd3 8. Re1
Be7 9. Bc2 e4 10. Bxd3 exd3 11. Qb3 Nf6 12. Qxb7 Na5 13. Qb4 c5 14. Qa4+ Kf8
15. Na3 d5 16. b4 Nb7 17. Ne5 Qc8 18. Nxd3 c4 19. Ne5 Qf5 20. Qc6 Rb8 21. Nc2
Nd8 22. Nd4 1-0

[Event "Koop Tjuchem op"]
[Site "Groningen"]
[Date "1996.??.??"]
[Round "3"]
[White "Tondivar, Babak"]
[Black "Adorjan, Andras"]
[Result "1-0"]
[WhiteElo "2305"]
[BlackElo "2530"]
[PlyCount "83"]
[EventDate "1996.12.20"]
[EventType "swiss"]
[EventRounds "11"]
[EventCountry "NED"]
[Source "ChessBase"]
[SourceDate "1997.11.17"]
[WhiteTeamCountry "HUN"]
[BlackTeamCountry "HUN"]

1. Nf3 c5 2. c4 g6 3. g3 Bg7 4. d4 Nc6 5. d5 Na5 6. Nfd2 d6 7. Bg2 a6 8. Qc2 b5
9. Nc3 Rb8 10. Rb1 Nf6 11. b3 O-O 12. O-O e5 13. dxe6 Bxe6 14. Nd5 bxc4 15.
bxc4 Rxb1 16. Nxb1 Nd7 17. Nd2 Re8 18. Ne4 Bxd5 19. cxd5 Ne5 20. Qa4 Kf8 21.
Nxd6 Qxd6 22. Qxa5 Nd7 23. Bf4 Be5 24. Bxe5 Nxe5 25. Qc3 Rb8 26. f4 Ng4 27. h3
Nf6 28. e4 c4 29. Kh2 Nh5 30. e5 Qb4 31. Rc1 Qb2 32. Qxb2 Rxb2 33. Rxc4 Rxa2
34. d6 Ke8 35. g4 Ng7 36. Rc8+ Kd7 37. Rc7+ Ke8 38. Kg3 Ne6 39. Bc6+ Kf8 40.
Rc8+ Kg7 41. f5 Ra3+ 42. Kf2 1-0

[Event "Koop Tjuchem op"]
[Site "Groningen"]
[Date "1996.??.??"]
[Round "4"]
[White "Willemze, Jeroen"]
[Black "Adorjan, Andras"]
[Result "1/2-1/2"]
[WhiteElo "2160"]
[BlackElo "2530"]
[PlyCount "94"]
[EventDate "1996.12.20"]
[EventType "swiss"]
[EventRounds "11"]
[EventCountry "NED"]
[Source "ChessBase"]
[SourceDate "1997.11.17"]
[WhiteTeamCountry "HUN"]
[BlackTeamCountry "HUN"]

1. e4 c5 2. Nf3 d6 3. d4 cxd4 4. Nxd4 Nf6 5. Nc3 a6 6. Bc4 e6 7. Bb3 Nbd7 8. f4
Nc5 9. f5 e5 10. Nde2 Nxb3 11. axb3 b5 12. Bg5 Bb7 13. Qd3 Be7 14. Bxf6 Bxf6
15. O-O-O Be7 16. Kb1 h5 17. Rdg1 Rc8 18. h4 Rc5 19. g4 d5 20. gxh5 dxe4 21.
Qe3 Qc8 22. Rxg7 Qxf5 23. Rhg1 Qxh5 24. Rg8+ Kd7 25. Nxe4 Rc8 26. R8g5 Qxh4 27.
Rxe5 Rh5 28. Rd1+ Kc6 29. Nd4+ Kc7 30. Nf3 Rxe5 31. Nxh4 Rxe4 32. Qg3+ Kb6 33.
Nf5 Bf8 34. Nd6 Bxd6 35. Rxd6+ Bc6 36. Qf2+ Kb7 37. Qxf7+ Rc7 38. Qf2 Rg4 39.
Ka2 Re4 40. Qc5 Re1 41. Rd8 Re6 42. Rd6 Rxd6 43. Qxd6 Rd7 44. Qe5 Rd5 45. Qe7+
Rd7 46. Qe3 Bd5 47. Qc5 Be4 1/2-1/2

[Event "Koop Tjuchem op"]
[Site "Groningen"]
[Date "1996.??.??"]
[Round "10"]
[White "Lanchava, Tea"]
[Black "Adorjan, Andras"]
[Result "0-1"]
[WhiteElo "2265"]
[BlackElo "2530"]
[PlyCount "84"]
[EventDate "1996.12.20"]
[EventType "swiss"]
[EventRounds "11"]
[EventCountry "NED"]
[Source "ChessBase"]
[SourceDate "1997.11.17"]
[WhiteTeamCountry "HUN"]
[BlackTeamCountry "HUN"]

1. d4 Nf6 2. c4 c5 3. d5 b5 4. cxb5 a6 5. b6 d6 6. Nc3 Nbd7 7. a4 a5 8. e4 g6
9. Bb5 Bg7 10. f4 O-O 11. Nf3 Nxb6 12. O-O Ne8 13. Bc6 Rb8 14. Nb5 Nc7 15. Qe1
f5 16. e5 Ncxd5 17. Qxa5 Nb4 18. Na7 Qc7 19. Bb5 Ra8 20. Bc4+ d5 21. Be3 Rxa7
22. Qxc5 Qxc5 23. Bxc5 dxc4 24. Bxb6 Ra6 25. a5 Nd5 26. Bc5 Bb7 27. Rfc1 Rfa8
28. Rxc4 Rxa5 29. Rac1 Nxf4 30. Rxf4 Bh6 31. Rfc4 Bxc1 32. Rxc1 Bxf3 33. gxf3
Ra1 34. Rxa1 Rxa1+ 35. Kf2 Kf7 36. f4 Rh1 37. Kg3 Rb1 38. b4 Rb2 39. h4 Rb3+
40. Kf2 Ke6 41. Ke2 Kd7 42. Kd2 e6 0-1

[Event "HUN-chT2 9798"]
[Site "Hungary"]
[Date "1997.??.??"]
[Round "?"]
[White "Adorjan, Andras"]
[Black "Berebora, Ferenc"]
[Result "1/2-1/2"]
[WhiteElo "2530"]
[BlackElo "2390"]
[PlyCount "122"]
[EventDate "1997.??.??"]
[EventType "team"]
[EventRounds "11"]
[EventCountry "HUN"]
[Source "ChessBase"]
[SourceDate "1998.11.10"]
[WhiteTeamCountry "HUN"]
[BlackTeamCountry "HUN"]

1. Nf3 g6 2. e4 d6 3. d4 Nf6 4. Bd3 Bg7 5. O-O O-O 6. c3 Nh5 7. Re1 e5 8. h3
exd4 9. cxd4 Nc6 10. Bc4 Ne7 11. Nc3 c6 12. Bb3 d5 13. exd5 cxd5 14. Bg5 Bf6
15. Qd2 Be6 16. Re2 Nc6 17. Bh6 Bg7 18. Rae1 Qd6 19. Bxg7 Kxg7 20. Ng5 Nf4 21.
Re3 Rad8 22. a3 h6 23. Nf3 f6 24. Ne2 Bf7 25. Nxf4 Qxf4 26. Ba4 Rd7 27. Bxc6
bxc6 28. Qc3 Qd6 29. Rc1 Rc7 30. Ne1 Re8 31. Rxe8 Bxe8 32. Nd3 Re7 33. Re1 Bd7
34. Nc5 Bf5 35. Re3 g5 36. Qe1 Kf7 37. g4 Bc8 38. Kg2 Rxe3 39. Qxe3 f5 40. f3
Qe7 41. Qxe7+ Kxe7 42. Nd3 fxg4 43. hxg4 Bd7 44. Ne5 Be8 45. Kg3 Kd6 46. b4 Ke6
47. f4 gxf4+ 48. Kf3 h5 49. Kxf4 hxg4 50. Kxg4 Kd6 51. Kf5 Bh5 52. Kf6 Be8 53.
Ng4 a5 54. Nh6 axb4 55. axb4 Bh5 56. Nf5+ Kd7 57. Ke5 Bf3 58. Ne3 Kc7 59. Nc2
Kb6 60. Na3 Be4 61. Kd6 Bd3 1/2-1/2

[Event "HUN-chT2 9798"]
[Site "Hungary"]
[Date "1997.??.??"]
[Round "?"]
[White "Adorjan, Andras"]
[Black "Deak, Sandor"]
[Result "1-0"]
[WhiteElo "2530"]
[BlackElo "2325"]
[PlyCount "57"]
[EventDate "1997.??.??"]
[EventType "team"]
[EventRounds "11"]
[EventCountry "HUN"]
[Source "ChessBase"]
[SourceDate "1998.11.10"]
[WhiteTeamCountry "HUN"]
[BlackTeamCountry "HUN"]

1. d4 Nf6 2. Nf3 g6 3. c4 Bg7 4. g3 O-O 5. Bg2 d6 6. O-O Nc6 7. Nc3 e5 8. d5
Ne7 9. e4 Ne8 10. Ne1 f5 11. Nd3 Nf6 12. Re1 Rf7 13. Bg5 Qf8 14. f4 Nxe4 15.
Nxe4 fxe4 16. Bxe4 exf4 17. Nxf4 Bxb2 18. Rb1 Qg7 19. Ne6 Qh8 20. c5 Nf5 21. g4
Nd4 22. Rxb2 Nf3+ 23. Bxf3 Qxb2 24. Bh6 Re7 25. Nxc7 Rxc7 26. Re8+ Kf7 27. Rf8+
Ke7 28. Qe1+ Qe5 29. Qxe5+ 1-0

[Event "HUN-chT2 9798"]
[Site "Hungary"]
[Date "1997.??.??"]
[Round "?"]
[White "Adorjan, Andras"]
[Black "Filep, Tibor"]
[Result "1-0"]
[WhiteElo "2530"]
[BlackElo "2240"]
[PlyCount "53"]
[EventDate "1997.??.??"]
[EventType "team"]
[EventRounds "11"]
[EventCountry "HUN"]
[Source "ChessBase"]
[SourceDate "1998.11.10"]
[WhiteTeamCountry "HUN"]
[BlackTeamCountry "HUN"]

1. e4 c5 2. Nf3 e6 3. d4 cxd4 4. Nxd4 a6 5. Bd3 Nf6 6. Qe2 Nc6 7. Nxc6 dxc6 8.
e5 Nd7 9. O-O Qc7 10. Re1 b5 11. Nd2 Bb7 12. c3 c5 13. c4 b4 14. Be4 Be7 15.
Nf3 a5 16. Bg5 Bf8 17. Rad1 h6 18. Bh4 g5 19. Bg3 Be7 20. Nd2 h5 21. h3 Nb8 22.
Bxb7 Qxb7 23. Ne4 Nc6 24. Qf3 Rb8 25. Nf6+ Bxf6 26. exf6 Rd8 27. Bd6 1-0

[Event "HUN-chT2 9798"]
[Site "Hungary"]
[Date "1997.??.??"]
[Round "?"]
[White "Adorjan, Andras"]
[Black "Menyhart, Tibor"]
[Result "1-0"]
[WhiteElo "2530"]
[BlackElo "2205"]
[PlyCount "41"]
[EventDate "1997.??.??"]
[EventType "team"]
[EventRounds "11"]
[EventCountry "HUN"]
[Source "ChessBase"]
[SourceDate "1998.11.10"]
[WhiteTeamCountry "HUN"]
[BlackTeamCountry "HUN"]

1. c4 c5 2. Nf3 Nf6 3. Nc3 e6 4. e4 Nc6 5. Be2 d5 6. e5 Ng4 7. cxd5 exd5 8. Bb5
d4 9. Bxc6+ bxc6 10. Na4 c4 11. O-O Bf5 12. b3 Qd5 13. Bb2 cxb3 14. Nxd4 Be6
15. axb3 Qxe5 16. f4 Qh5 17. h3 Nf6 18. Qe1 Kd7 19. Nb6+ axb6 20. Rxa8 Bd5 21.
Qe5 1-0

[Event "HUN-chT2 9798"]
[Site "Hungary"]
[Date "1998.??.??"]
[Round "?"]
[White "Adorjan, Andras"]
[Black "Boricsev, Oleg"]
[Result "1/2-1/2"]
[WhiteElo "2530"]
[BlackElo "2320"]
[PlyCount "66"]
[EventDate "1997.??.??"]
[EventType "team"]
[EventRounds "11"]
[EventCountry "HUN"]
[Source "ChessBase"]
[SourceDate "1998.11.10"]
[WhiteTeamCountry "HUN"]
[BlackTeamCountry "HUN"]

1. c4 c5 2. Nf3 e6 3. Nc3 Nc6 4. g3 d5 5. cxd5 exd5 6. d4 Nf6 7. Bg2 Be7 8. O-O
O-O 9. Bg5 cxd4 10. Nxd4 h6 11. Be3 Bg4 12. h3 Be6 13. Qa4 Nxd4 14. Bxd4 Ne4
15. Rfd1 Nxc3 16. Bxc3 Bf6 17. Rac1 Bxc3 18. Rxc3 Qe7 19. e3 Rfd8 20. Rcd3 a6
21. Bxd5 Bxh3 22. Qb3 Rdb8 23. Rd4 Bf5 24. Rb4 a5 25. Rb6 a4 26. Qb5 Be4 27.
Qb4 Qxb4 28. Rxb4 Bxd5 29. Rxd5 a3 30. Rd7 axb2 31. Rxb2 b5 32. e4 Ra4 33. e5
Re4 1/2-1/2

[Event "HUN-chT2 9798"]
[Site "Hungary"]
[Date "1998.??.??"]
[Round "?"]
[White "Balogh, Sandor"]
[Black "Adorjan, Andras"]
[Result "0-1"]
[WhiteElo "2250"]
[BlackElo "2530"]
[PlyCount "56"]
[EventDate "1997.??.??"]
[EventType "team"]
[EventRounds "11"]
[EventCountry "HUN"]
[Source "ChessBase"]
[SourceDate "1998.11.10"]
[WhiteTeamCountry "HUN"]
[BlackTeamCountry "HUN"]

1. d4 f5 2. Bf4 Nf6 3. e3 g6 4. h3 Bg7 5. Bc4 e6 6. c3 O-O 7. Nf3 d6 8. Qb3 Qe7
9. Ng5 Re8 10. O-O Nc6 11. Be2 Rb8 12. Nf3 h6 13. Nbd2 Kh7 14. Qc2 Bd7 15. e4
e5 16. dxe5 dxe5 17. Bh2 f4 18. a4 g5 19. b4 g4 20. hxg4 Nxg4 21. Rfd1 a5 22.
b5 Nd8 23. Nb3 b6 24. c4 Be6 25. Nfd2 h5 26. g3 Nxh2 27. Kxh2 Rf8 28. Rh1 fxg3+
0-1

[Event "HUN-chT2 9798"]
[Site "Hungary"]
[Date "1998.??.??"]
[Round "?"]
[White "Barva, Attila"]
[Black "Adorjan, Andras"]
[Result "1/2-1/2"]
[WhiteElo "2300"]
[BlackElo "2530"]
[PlyCount "38"]
[EventDate "1997.??.??"]
[EventType "team"]
[EventRounds "11"]
[EventCountry "HUN"]
[Source "ChessBase"]
[SourceDate "1998.11.10"]
[WhiteTeamCountry "HUN"]
[BlackTeamCountry "HUN"]

1. d4 f5 2. Qd3 e6 3. g4 fxg4 4. h3 g3 5. Qxg3 c5 6. Nf3 Nf6 7. Nc3 Nc6 8. Be3
Qa5 9. dxc5 Ne4 10. Qh4 Nxc3 11. Bd2 Bxc5 12. bxc3 Be7 13. Qg3 Bf6 14. Ng5 Bxg5
15. Bxg5 O-O 16. Bg2 Rf7 17. O-O b6 18. Rfd1 Bb7 19. Rd6 Qa4 1/2-1/2

[Event "HUN-chT2 9798"]
[Site "Hungary"]
[Date "1998.??.??"]
[Round "?"]
[White "Pacsay, Laszlo"]
[Black "Adorjan, Andras"]
[Result "1/2-1/2"]
[WhiteElo "2280"]
[BlackElo "2530"]
[PlyCount "48"]
[EventDate "1997.??.??"]
[EventType "team"]
[EventRounds "11"]
[EventCountry "HUN"]
[Source "ChessBase"]
[SourceDate "1998.11.10"]
[WhiteTeamCountry "HUN"]
[BlackTeamCountry "HUN"]

1. d4 Nf6 2. c4 c5 3. d5 b5 4. cxb5 a6 5. bxa6 d6 6. Nc3 Bxa6 7. e4 Bxf1 8.
Kxf1 g6 9. g3 Bg7 10. Kg2 O-O 11. Nf3 Nbd7 12. Re1 Qa5 13. e5 Ng4 14. exd6 exd6
15. Bf4 Rfb8 16. Re2 Qa6 17. Rc1 Nge5 18. Nxe5 Nxe5 19. Bxe5 Bxe5 20. Qf1 Qa5
21. f4 Bd4 22. f5 Re8 23. Rcc2 Re5 24. Rxe5 Bxe5 1/2-1/2

[Event "Heves Rainbow op"]
[Site "Heves"]
[Date "1997.??.??"]
[Round "1"]
[White "Forgo, Eva"]
[Black "Adorjan, Andras"]
[Result "0-1"]
[WhiteElo "2295"]
[BlackElo "2530"]
[PlyCount "86"]
[EventDate "1997.??.??"]
[EventType "swiss"]
[EventRounds "7"]
[EventCountry "HUN"]
[Source "ChessBase"]
[SourceDate "2003.11.25"]
[WhiteTeamCountry "HUN"]
[BlackTeamCountry "HUN"]

1. e4 c5 2. Nf3 e6 3. d4 cxd4 4. Nxd4 Nf6 5. Nc3 d6 6. f4 a6 7. Qf3 Qb6 8. Nb3
h5 9. Bd3 Nc6 10. Be3 Qc7 11. O-O-O b5 12. h3 h4 13. g4 hxg3 14. Qxg3 Bb7 15.
Kb1 b4 16. Na4 Ne7 17. Nd2 d5 18. Nc5 dxe4 19. Ndxe4 Nxe4 20. Bxe4 Bxe4 21.
Nxe4 Nf5 22. Qf2 Be7 23. Bd4 Rc8 24. Be5 Qc6 25. Qe2 f6 26. Bd4 Qc4 27. Qf2 Rd8
28. c3 bxc3 29. bxc3 Nxd4 30. Rxd4 Rxd4 31. Qxd4 Qxd4 32. cxd4 Rh4 33. Kc2 Rxf4
34. Kd3 Rh4 35. Nf2 f5 36. Rb1 Bf6 37. Rb4 Kf7 38. Ra4 e5 39. Rxa6 Rxd4+ 40.
Ke2 e4 41. a4 Bg5 42. a5 Rd2+ 43. Ke1 e3 0-1

[Event "Heves Rainbow op"]
[Site "Heves"]
[Date "1997.??.??"]
[Round "2"]
[White "Adorjan, Andras"]
[Black "Foldi, Istvan"]
[Result "1/2-1/2"]
[WhiteElo "2530"]
[BlackElo "2365"]
[PlyCount "51"]
[EventDate "1997.??.??"]
[EventType "swiss"]
[EventRounds "7"]
[EventCountry "HUN"]
[Source "ChessBase"]
[SourceDate "2003.11.25"]
[WhiteTeamCountry "HUN"]
[BlackTeamCountry "HUN"]

1. c4 g6 2. e4 Bg7 3. d4 d6 4. Nc3 Nf6 5. f3 O-O 6. Bg5 c5 7. d5 Nbd7 8. Nh3 a6
9. a4 Re8 10. Nf2 Nf8 11. Be2 h6 12. Be3 e6 13. Qd2 h5 14. O-O exd5 15. cxd5 b6
16. Rab1 N6d7 17. f4 Rb8 18. b4 Bb7 19. Kh1 Qc7 20. Rfc1 Rbd8 21. Bf3 Qc8 22.
bxc5 bxc5 23. a5 Nf6 24. Rb6 Ng4 25. Bxg4 hxg4 26. Ne2 1/2-1/2

[Event "Heves Rainbow op"]
[Site "Heves"]
[Date "1997.??.??"]
[Round "3"]
[White "Czebe, Attila"]
[Black "Adorjan, Andras"]
[Result "1/2-1/2"]
[WhiteElo "2325"]
[BlackElo "2530"]
[PlyCount "32"]
[EventDate "1997.??.??"]
[EventType "swiss"]
[EventRounds "7"]
[EventCountry "HUN"]
[Source "ChessBase"]
[SourceDate "2003.11.25"]
[WhiteTeamCountry "HUN"]
[BlackTeamCountry "HUN"]

1. d4 Nf6 2. Nf3 c5 3. e3 g6 4. dxc5 Qa5+ 5. Qd2 Qxc5 6. c4 Bg7 7. Nc3 O-O 8.
a3 Qc7 9. Bd3 b6 10. e4 d6 11. O-O Nbd7 12. Qe2 Bb7 13. Bf4 Nc5 14. Rac1 Nxd3
15. Qxd3 Qd7 16. h3 Rfc8 1/2-1/2

[Event "Heves Rainbow op"]
[Site "Heves"]
[Date "1997.??.??"]
[Round "5"]
[White "Adorjan, Andras"]
[Black "Dovzik, Juri"]
[Result "1/2-1/2"]
[WhiteElo "2530"]
[BlackElo "2410"]
[PlyCount "61"]
[EventDate "1997.??.??"]
[EventType "swiss"]
[EventRounds "7"]
[EventCountry "HUN"]
[Source "ChessBase"]
[SourceDate "2003.11.25"]
[WhiteTeamCountry "HUN"]
[BlackTeamCountry "HUN"]

1. e4 c5 2. Nf3 e6 3. d4 cxd4 4. Nxd4 Nc6 5. Nb5 Nf6 6. N1c3 d6 7. Bf4 e5 8.
Bg5 a6 9. Na3 Be6 10. Nc4 Rc8 11. Bxf6 Qxf6 12. Nb6 Rb8 13. Ncd5 Qd8 14. c3 Be7
15. g3 O-O 16. h4 Kh8 17. Bh3 Re8 18. Kf1 Bf8 19. Qe2 Ne7 20. Rd1 Nc8 21. Nc4
b5 22. Nce3 Nb6 23. Nxb6 Rxb6 24. a3 Bc4 25. Nxc4 bxc4 26. Qxc4 Rxb2 27. Kg2
Kg8 28. Rb1 Qb6 29. Rxb2 Qxb2 30. Qxa6 Qxc3 31. Rd1 1/2-1/2

[Event "Heves Rainbow op"]
[Site "Heves"]
[Date "1997.??.??"]
[Round "6"]
[White "Parkanyi, Attila"]
[Black "Adorjan, Andras"]
[Result "1/2-1/2"]
[WhiteElo "2350"]
[BlackElo "2530"]
[PlyCount "36"]
[EventDate "1997.??.??"]
[EventType "swiss"]
[EventRounds "7"]
[EventCountry "HUN"]
[Source "ChessBase"]
[SourceDate "2003.11.25"]
[WhiteTeamCountry "HUN"]
[BlackTeamCountry "HUN"]

1. e4 c5 2. Nf3 d6 3. d4 cxd4 4. Nxd4 Nf6 5. Nc3 a6 6. Be2 e6 7. O-O Be7 8. Be3
Qc7 9. f4 Nc6 10. Kh1 O-O 11. Qe1 Nxd4 12. Bxd4 b5 13. a3 Bb7 14. Bf3 Rac8 15.
Qg3 Rfd8 16. Rad1 Bc6 17. e5 dxe5 18. fxe5 Ne8 1/2-1/2

[Event "Heves Rainbow op"]
[Site "Heves"]
[Date "1997.??.??"]
[Round "7"]
[White "Boricsev, Oleg"]
[Black "Adorjan, Andras"]
[Result "0-1"]
[WhiteElo "2320"]
[BlackElo "2530"]
[PlyCount "64"]
[EventDate "1997.??.??"]
[EventType "swiss"]
[EventRounds "7"]
[EventCountry "HUN"]
[Source "ChessBase"]
[SourceDate "2003.11.25"]
[WhiteTeamCountry "HUN"]
[BlackTeamCountry "HUN"]

1. e4 c6 2. d4 d5 3. Nc3 dxe4 4. Nxe4 Nd7 5. Bc4 Ngf6 6. Ng5 e6 7. N1f3 h6 8.
Nh3 b5 9. Bd3 Bd6 10. Qe2 Qc7 11. a4 bxa4 12. c4 c5 13. d5 Nb6 14. Bd2 Kf8 15.
Bc3 exd5 16. Bxf6 Bxh3 17. O-O Re8 18. Qd1 Bg4 19. Bh4 Bxh2+ 20. Kh1 d4 21. Be2
Qf4 22. Bg3 Bxg3 23. fxg3 Qe3 24. Bd3 h5 25. Re1 Bxf3 26. gxf3 Qxe1+ 27. Qxe1
Rxe1+ 28. Rxe1 Rh6 29. Re5 Re6 30. Rxc5 Re3 31. Be4 d3 32. Rc7 Rxe4 0-1

[Event "Papp Bela Memorial"]
[Site "Budapest"]
[Date "1997.??.??"]
[Round "?"]
[White "Albert, Kornelia"]
[Black "Adorjan, Andras"]
[Result "1/2-1/2"]
[WhiteElo "2140"]
[BlackElo "2530"]
[PlyCount "42"]
[EventDate "1997.??.??"]
[EventType "swiss"]
[EventRounds "11"]
[EventCountry "HUN"]
[Source "ChessBase"]
[SourceDate "2001.11.25"]
[WhiteTeamCountry "HUN"]
[BlackTeamCountry "HUN"]

1. e4 c5 2. Nf3 d6 3. d4 cxd4 4. Nxd4 Nf6 5. Nc3 e6 6. Be3 Nc6 7. f3 Be7 8. Qd2
O-O 9. g4 d5 10. g5 Nxd4 11. Bxd4 Nd7 12. f4 e5 13. fxe5 Bxg5 14. Qg2 dxe4 15.
Nxe4 Nxe5 16. Bxe5 Re8 17. Bxg7 Kxg7 18. Be2 Qd5 19. Qxg5+ Qxg5 20. Nxg5 Bg4
21. O-O-O Rxe2 1/2-1/2

[Event "Papp Bela Memorial"]
[Site "Budapest"]
[Date "1997.??.??"]
[Round "?"]
[White "Csoke, Adrienn"]
[Black "Adorjan, Andras"]
[Result "1/2-1/2"]
[WhiteElo "2135"]
[BlackElo "2530"]
[PlyCount "36"]
[EventDate "1997.??.??"]
[EventType "swiss"]
[EventRounds "11"]
[EventCountry "HUN"]
[Source "ChessBase"]
[SourceDate "2001.11.25"]
[WhiteTeamCountry "HUN"]
[BlackTeamCountry "HUN"]

1. e4 c5 2. Nf3 e6 3. c4 Nc6 4. Nc3 Nf6 5. d3 Be7 6. g3 d5 7. Bg2 dxc4 8. dxc4
Qxd1+ 9. Kxd1 O-O 10. Ke2 e5 11. h3 Be6 12. b3 Bd8 13. Bb2 Re8 14. Ne1 Nd4+ 15.
Kf1 a6 16. Nd3 Nd7 17. Nd5 b5 18. Rc1 Rc8 1/2-1/2

[Event "Papp Bela Memorial"]
[Site "Budapest"]
[Date "1997.??.??"]
[Round "?"]
[White "Czebe, Attila"]
[Black "Adorjan, Andras"]
[Result "1/2-1/2"]
[WhiteElo "2325"]
[BlackElo "2530"]
[PlyCount "36"]
[EventDate "1997.??.??"]
[EventType "swiss"]
[EventRounds "11"]
[EventCountry "HUN"]
[Source "ChessBase"]
[SourceDate "2001.11.25"]
[WhiteTeamCountry "HUN"]
[BlackTeamCountry "HUN"]

1. d4 Nf6 2. Nf3 c5 3. d5 b5 4. Bg5 d6 5. Bxf6 exf6 6. e4 a6 7. a4 b4 8. Bd3 g6
9. a5 Bg7 10. c3 O-O 11. O-O Bg4 12. cxb4 cxb4 13. Nbd2 f5 14. Nc4 fxe4 15.
Bxe4 Nd7 16. h3 Bxf3 17. Bxf3 Nc5 18. Re1 Ra7 1/2-1/2

[Event "Papp Bela Memorial"]
[Site "Budapest"]
[Date "1997.??.??"]
[Round "?"]
[White "Dudas, Janos"]
[Black "Adorjan, Andras"]
[Result "1/2-1/2"]
[WhiteElo "2410"]
[BlackElo "2530"]
[PlyCount "73"]
[EventDate "1997.??.??"]
[EventType "swiss"]
[EventRounds "11"]
[EventCountry "HUN"]
[Source "ChessBase"]
[SourceDate "2001.11.25"]
[WhiteTeamCountry "HUN"]
[BlackTeamCountry "HUN"]

1. d4 Nf6 2. Nf3 c5 3. d5 b5 4. c4 g6 5. cxb5 a6 6. b6 d6 7. Nc3 Bg7 8. e4 Qxb6
9. Nd2 O-O 10. Nc4 Qc7 11. Be2 Nbd7 12. O-O Nb6 13. a4 Rb8 14. Ne3 Qa7 15. a5
Na8 16. Nc4 Nd7 17. Qc2 Nc7 18. Na3 Qb7 19. Rb1 f5 20. exf5 Rxf5 21. Bd3 Ne5
22. Be4 Rf7 23. h3 Bf5 24. Be3 Qb4 25. f3 Nc4 26. Nxc4 Qxc4 27. Qd2 Rb3 28.
Rbc1 Qb4 29. Rc2 Bxe4 30. fxe4 Rxf1+ 31. Kxf1 Qxa5 32. Kg1 Nb5 33. Qd1 Nxc3 34.
bxc3 Rxc3 35. Qg4 Qa1+ 36. Bc1 Rxc2 37. Qe6+ 1/2-1/2